[Event "Wch U10"]
[Site "Batumi"]
[Date "2022.09.20"]
[Round "5"]
[White "Bedyovkin, Nataniel Alexey"]
[Black "Osetrov, Prokhor"]
[Result "0-1"]
[WhiteElo "1283"]
[BlackElo "1086"]
[PlyCount "120"]
[EventDate "2022.09.16"]
[EventType "swiss"]
[EventRounds "11"]
[EventCountry "GEO"]
[SourceTitle "EXT 2023"]
[Source "ChessBase"]
[SourceDate "2022.10.05"]
[SourceVersion "1"]
[SourceVersionDate "2022.10.05"]
[SourceQuality "1"]

1. d4 d5 2. Bf4 Nf6 3. e3 c5 4. Nf3 Nc6 5. a3 Qb6 6. b3 Bf5 7. Be2 e6 8. 0-0 Be7 9. a4 0-0 10. c3 Ne4 11. Nfd2 cxd4 12. Nxe4 Bxe4 13. exd4 Rac8 14. Qd2 Qxb3 15. Rc1 Na5 16. Bd1 Qb6 17. Qa2 Rc6 18. Nd2 Bf5 19. Bc2 Bxc2 20. Qxc2 Rfc8 21. Rab1 Qxd4 22. cxd4 Rxc2 23. Rd1 b6 24. Nf3 Ra2 25. Ra1 Rcc2 26. Rdc1 Rxc1+ 27. Rxc1 Nc4 28. h3 h6 29. Ne5 Rxa4 30. Nc6 Bg5 31. Bxg5 hxg5 32. Ne7+ Kf8 33. Nc6 Ke8 34. Re1 Kd7 35. Ne5+ Nxe5 36. dxe5 b5 37. Rb1 b4 38. Kf1 a5 39. Ke2 Kc6 40. Kd3 Ra3+ 41. Kd4 Ra2 42. Ke3 Kb5 43. g3 a4 44. f3 a3 45. Kd3 Rb2 46. Ra1 Ka4 47. f4 gxf4 48. gxf4 Kb3 49. h4 a2 50. h5 Rb1 51. Rxa2 Kxa2 52. Kd4 Rc1 53. Kd3 b3 54. Kd4 b2 55. Ke3 b1Q 56. Kf3 Qe4+ 57. Kf2 Rc2+ 58. Kg3 Rg2+ 59. Kh3 Qf3+ 60. Kh4 Qg3# 0-1